| 000 | 01415nam0a22003731 4500 | ||
|---|---|---|---|
| 001 | v19\rc\1767021 | ||
| 005 | 20250619070019.0 | ||
| 035 | _a(NLR Aleph) 004865730 | ||
| 090 |
_a5053787 _c5053787 |
||
| 100 | _a20061204d1903 |||y0rusy50 ca | ||
| 101 | 1 |
_arus _cger |
|
| 102 | _aRU | ||
| 105 | _ay z ||||| | ||
| 200 | 1 |
_aГраницы естественно-научного образования понятий _eЛогич. введение в ист. науки _fПер. с нем. [и предисл.] А. Водена _gГенрих Риккерт, проф. философии Фрейб. ун-та (в Бадене) |
|
| 210 |
_aСанкт-Петербург _cЕ.Д. Кускова _d1903 |
||
| 215 |
_a[2], II, II, 615 с. _d21 |
||
| 532 | 1 | 3 | _aГраницы естественно-научного образования понятий |
| 700 | 1 |
_aРиккерт _bГ. _f1863-1936 _gГенрих |
|
| 702 | 1 |
_aВоден _bА.М. _f1870- _gАлексей Михайлович _4730 _4080 |
|
| 801 | 0 |
_aRU _bNLR _gpsbo |
|
| 801 | 0 |
_aRU _bRuMoRGB _2psbo |
|
| 801 | 1 |
_aRU _bProSoft-M _2rusmarc |
|
| 852 |
_aNLR _j38.47.6.20 |
||
| 852 |
_aNLR _j133/3020 |
||
| 852 |
_aNLR _bМф _jК1/7674 |
||
| 899 |
_aRuMoRGB _jK 15/36 |
||
| 899 |
_aRuMoRGB _jT 113/21 |
||
| 899 | _aБАН | ||
| 899 | _aНБ СПбГУ | ||
| 899 | _aГПИБ | ||
| 899 | _aНБ МГУ | ||
| 942 | _cBOOK | ||
| 980 | _aNB | ||